000 01672ngm a22003490a 4500
001 PT50788
003 AR-LpoUNG
005 20210202000038.0
007 vd cvaizq
008 191001s2005||||ag |||||||||||||||||spa d
037 _c$9.96
040 _aAR-LpoUNG
_bspa
_cAR-LpoUNG
_eaacr
041 _aspa
044 _aag
082 0 _a809 344lib
100 1 _aBauer, Tristán
_edir.
245 1 4 _aLos libros y la noche :
_buna película sobre la vida y la obra de Jorge Luis Borges
260 _aBuenos Aires :
_bUniversidad Nacional de San Martín. Centro de Producción Audiovisual,
_c2005.
300 _aDVD (82 min.) : son., col.
505 0 _aRealización: Tristán Bauer. Guión: Tristán Bauer, Carolina Scaglione. Música: Federico Bonasso. Protagonistas: Walter Santa Ana, Héctor Alterio, Lorenzo Quinteros, Leonardo Sbaraglia.
520 _aAborda la vida y la obra de uno de los escritores más destacados de la lengua castellana: Jorge Luis Borges (1899-1986). El actor protagónico, Walter Santa Ana, encarna a aquel personaje creado por la pluma del escritor que recorre los laberintos de bibliotecas o los libros infinitos y que no es otro que el propio Borges. De esta manera, poemas y cuentos como El libro de arena o El otro, son recreados para construir una trama que, junto a las imágenes documentales, nos introduce en el fascinante mundo de este gran escritor argentino.
650 4 _aAUTORES
650 4 _aBIOGRAFIAS
650 4 _aLITERATURA
651 4 _aDOCUMENTOS TEORICOS O METODOLOGICOS
653 _aCINE ARGENTINO
653 _aDOCUMENTALES
653 _aDVD
653 _aVIDEOS
905 _a50788
942 _cDVD
999 _c54023
_d54023